| 000 | 00781nas a2200253 4500 | ||
|---|---|---|---|
| 001 | BR0801003 | ||
| 003 | BR-BrBNA | ||
| 005 | 20231205111558.0 | ||
| 007 | ta | ||
| 008 | 230509b bl.|||p| |||| 00| 00por d | ||
| 040 |
_aBR-BrBNA _bpor _cBiblioteca Nacional de Agricultura |
||
| 041 | _a(Pt) | ||
| 072 | _aQ4 | ||
| 100 | 1 | _aSilva, M.H. | |
| 100 | 1 | _aJesus, N.M. de | |
| 100 | 1 | _aZucal, G. | |
| 245 | 1 | _aÍndice crioscópico do leite da fazenda experimental de Entre Rios | |
| 650 | _aLEITE | ||
| 650 | _aQUALIDADE | ||
| 650 | _aENTRE RIOS | ||
| 773 | 0 |
_tArquivos da Escola de Medicina Veterinária da Universidade Federal da Bahia (Brazil) _xISSN 0100-2597 _g(1995-96), v. 18(1) p. 184-190 _wBR0801003 |
|
| 909 |
_a202311 _bLúcia _c55 _dLúcia Elande |
||
| 942 |
_2AGRIS _n0 _cANA |
||
| 999 |
_c193389 _d193389 |
||